000 00654cam a2200229 4500500
005 20260405001644.0
041 _afre
042 _adc
100 1 0 _aGros, Frédéric
_eauthor
245 0 0 _aUn regard inquisiteur
260 _c2013.
500 _a63
690 _aChrist
690 _aCulpabilité
690 _aFrédéric Gros
690 _aFrères Karamazov
690 _aGrand Inquisiteur
690 _aLiberté
690 _aSolitude
786 0 _nPhilosophie magazine | 75 | 12 | 2013-12-01 | p. 42-42 | 1951-1787
856 4 1 _uhttps://shs.cairn.info/magazine-philosophie-magazine-2013-12-page-42?lang=fr&redirect-ssocas=7080
999 _c2049751
_d2049751